000 01501nam0a22003011 4500
001 rc\2216873
005 20110829172801.5
035 _a(NLR Aleph) 006490639
090 _a6128871
_c6128871
100 _a20110829d1979 |||y0rusy50 ca
101 0 _arus
102 _aRU
105 _aa z |||||
200 1 _aДостижения и перспективы в области создания автоматизированного прядильного оборудования
_f[К. т. н. В.С. Гольдберг, А.Е. Чернов, В.В. Карпинский, О.Ф. Бронникова]
210 _aМосква
_cЦНИИТЭИлегпищемаш
_d1979
215 _a43 с., 1 л. табл.
_d20
225 1 _aОбзорная информация
_fСССР. М-во машиностроения для лег. и пищ. пром-сти и быт. приборов, ЦНИИ информ. и техн.-экон. исслед. (ЦНИИТЭИлегпищемаш)
_iОборудование для прядильного производства и производства химических волокон
320 _aБиблиогр.: с. 34-42
333 _aДСП. Экз. № 8
701 1 _aКарпинский
_bВ. В.
701 1 _aБронникова
_bО. Ф.
701 1 _aЧернов
_bА. Е.
701 1 _aГольдберг
_bВ. С.
801 0 _aRU
_bNLR
_gpsbo
801 1 _aRU
_bELAR
_2rusmarc
852 _aNLR
_j80-50К/4
942 _cBOOK
980 _aNB